Score 0/18 Timer 03:00
0 Plays Today
% Correct
Fit as a fiddle
93%
Elevator music
92.5%
Sound like a broken record
91.7%
It takes two to tango
91.7%
Toot one's own horn
91.2%
Sell for a song
90.5%
It isn't over 'til the fat lady sings
89.7%
Play second fiddle
89.6%
Face the music
88.3%
% Correct
He who pays the piper calls the tune
88.3%
Play something by ear
86.6%
Swan song
86.1%
And all that jazz
85.9%
Music to one's ears
84.4%
Ring a bell
84.4%
Play the world's smallest violin
84.3%
Call the tune
81.3%
Hit the right note
80.1%
Remove Ads.
Support Sporcle.
Get the best of Sporcle when you Go Orange. This ad-free experience offers more features, more stats, and more fun while also helping to support Sporcle. Thank you for becoming a member.

You're not logged in!

Compare scores with friends on all Sporcle quizzes.
OR
Log In

Show Comments

Extras

Top Quizzes Today


Score Distribution

Your Account Isn't Verified!

In order to create a playlist on Sporcle, you need to verify the email address you used during registration. Go to your Sporcle Settings to finish the process.

Report this User

Report this user for behavior that violates our Community Guidelines.

Details: